| 000 | 00809cab a2200253 4500 | ||
|---|---|---|---|
| 001 | WB3235-10 | ||
| 008 | 090401t1996 xxu||||| |||| 00| 0 eng d | ||
| 035 | _a(Sirsi) u1342 | ||
| 041 | _aeng | ||
| 245 | _aProperty reaches for the sky | ||
| 260 | _c1996 | ||
| 350 | _a0 | ||
| 490 |
_aSunday Times _v15 September 1996, 5(1) |
||
| 520 | _aPlans to build the tallest building in Europe on the site of the former Baltic Exchange in London, to be known as the Millennium Tower, show that the London property market is on the brink of a growth spurt. | ||
| 650 | _aBALTIC EXCHANGE SITE | ||
| 650 | _aCITY OF LONDON | ||
| 650 | _aKVAERNER | ||
| 650 | _aLONDON | ||
| 650 | _aMILLENNIUM TOWER | ||
| 650 | _aTALL BUILDINGS | ||
| 690 | _aPROPERTY-PROPERTY DEVELOPMENT | ||
| 942 | _n0 | ||
| 948 | _c04/03/1997 | ||
| 999 |
_c737 _d737 |
||